Pathogenesis and host specificity in plant diseases: Histopathological, biochemical, genetic and molecular bases. V 1. Prokaryotes (Record no. 40743)

MARC details
000 -LEADER
fixed length control field 00409nam a2200121Ia 4500
082 ## - DEWEY DECIMAL CLASSIFICATION NUMBER
Classification number 581.2:579.8
Item number PAT.1
245 #0 - TITLE STATEMENT
Title Pathogenesis and host specificity in plant diseases: Histopathological, biochemical, genetic and molecular bases. V 1. Prokaryotes
260 ## - PUBLICATION, DISTRIBUTION, ETC. (IMPRINT)
Place of publication UK
Name of publisher Pergamon
Year of publication 1995
505 ## - FORMATTED CONTENTS NOTE
Formatted contents note Set price for 3 vols
700 ## - ADDED ENTRY--PERSONAL NAME
Personal name Uma S Singh
942 ## - ADDED ENTRY ELEMENTS (KOHA)
Koha item type Books
Holdings
Withdrawn status Lost status Damaged status Not for loan Home library Current library Date acquired Cost, normal purchase price Full call number Accession Number Koha item type
        RRII Library RRII Library 16/12/2021 265.00 581.2:579.8 PAT.1 21039 Books